| 000 -LEADER |
| fixed length control field |
00795nam a22002297a 4500 |
| 003 - CONTROL NUMBER IDENTIFIER |
| control field |
OSt |
| 005 - DATE AND TIME OF LATEST TRANSACTION |
| control field |
20190117101419.0 |
| 008 - FIXED-LENGTH DATA ELEMENTS--GENERAL INFORMATION |
| fixed length control field |
180316b xxu||||| |||| 00| 0 spa d |
| 020 ## - INTERNATIONAL STANDARD BOOK NUMBER |
| International Standard Book Number |
9502000811 |
| 040 ## - CATALOGING SOURCE |
| Transcribing agency |
PJ |
| 245 13 - MENCIÓN DE TÍTULO |
| Título propiamente dicho |
El lenguaje del derecho : |
| Parte restante del título |
homenaje a Genaro Carrió / |
| Mención de responsabilidad, etc |
compiladores Eugenio Bulygin...[et al.]. |
| 260 ## - PUBLICATION, DISTRIBUTION, ETC. (IMPRINT) |
| Place of publication, distribution, etc |
Buenos Aires : |
| Name of publisher, distributor, etc |
Abeledo-Perrot, |
| Date of publication, distribution, etc |
1983. |
| 300 ## - DESCRIPCION FISICA |
| Extent |
491 p. |
| Dimensions |
23 cm |
| 500 ## - NOTA GENERAL |
| General note |
Citas bibliográficas a pie de página. |
| 650 #0 - ASIENTO SECUNDARIO DE MATERIA - TERMINO TEMATICO |
| Topical term or geographic name as entry element |
DERECHO EN GENERAL |
| 9 (RLIN) |
209 |
| 653 ## - INDEX TERM--UNCONTROLLED |
| Uncontrolled term |
LENGUAJE JURIDICO |
| 700 ## - ADDED ENTRY--PERSONAL NAME |
| 9 (RLIN) |
2012 |
| Personal name |
Bulygin, Eugenio |
| Relator term |
compilador |
| 700 ## - ADDED ENTRY--PERSONAL NAME |
| 9 (RLIN) |
341 |
| Personal name |
Farrell, Martín Diego |
| Relator term |
compilador |
| 700 ## - ADDED ENTRY--PERSONAL NAME |
| 9 (RLIN) |
248 |
| Personal name |
Nino, Carlos Santiago |
| Relator term |
compilador |
| 700 ## - ADDED ENTRY--PERSONAL NAME |
| 9 (RLIN) |
133 |
| Personal name |
Rabossi, Eduardo A. |
| Relator term |
compilador |
| 942 ## - ADDED ENTRY ELEMENTS (KOHA) |
| Source of classification or shelving scheme |
|
| Koha item type |
Libros |
| Classification part |
340.113 |
| Item part |
LEN |